000 00684nam a2200169Ia 4500
003 GCL
008 140319s9999 xx 000 0 ara d
040 _aGCL /
_cGCL
082 0 4 _a219.3
_bع و
100 1 _aعبدالعظيم ابراهيم محمد المطعن
245 1 0 _aالوصايا العشر للامام الشهيد حسن البنا (هدية من الاديب عبدالفتاح الجمل) /
_cعبدالعظيم ابراهيم محمد المطعن
300 _a175 ص
490 _aالهيئة العامة للاستعلامات
_v0
650 0 4 _aالاسلام والاصلاح السياسى
650 0 4 _aالاسلام والسياسة
942 _2ddc
_cBK
999 _c47167
_d47167